[Event "21.Wörishofen-Seniorenen op"]
[Site "Bad Wörishofen (03.03.-11.03)"]
[Date "2005.03.06"]
[Round "4.45"]
[White "Nietsch, Horst"]
[Black "Oser, Thor"]
[Result "1-0"]
[WhiteElo "1905"]
[BlackElo "1631"]
[PlyCount "69"]
[EventDate "2005.03.??"]
[Source "Chessorg"]
[SourceDate "2005.12.10"]

1. e4 c5 2. Nf3 Nc6 3. d4 cxd4 4. Nxd4 a6 5. c4 d6 6. Nc3 Nf6 7. Be2 g6 8. Be3
Bg7 9. Qd2 O-O 10. f3 Re8 11. O-O-O Bd7 12. Kb1 Nxd4 13. Bxd4 Qa5 14. Bxf6 Bxf6
15. Nd5 Qxd2 16. Nxf6+ exf6 17. Rxd2 Be6 18. Rhd1 Rac8 19. b3 Rc7 20. Rxd6 Kf8
21. R6d2 Ke7 22. Kb2 Rec8 23. f4 Rc6 24. Rd4 R6c7 25. Bf3 Rd7 26. Rxd7+ Bxd7
27. e5 Rc7 28. exf6+ Kxf6 29. Rd6+ Ke7 30. Rb6 Bc8 31. Kc3 Ke8 32. Bd5 Ke7 33.
Kd4 f6 34. b4 h5 35. h4 1-0

[Event "21.Wörishofen-Seniorenen op"]
[Site "Bad Wörishofen (03.03.-11.03)"]
[Date "2005.03.06"]
[Round "4.46"]
[White "Xander, Karl,Dr."]
[Black "Dombrowe, Eckehard"]
[Result "1-0"]
[WhiteElo "1886"]
[BlackElo "1631"]
[PlyCount "130"]
[EventDate "2005.03.??"]
[Source "Chessorg"]
[SourceDate "2005.12.10"]

1. e4 e6 2. d4 d5 3. Nc3 Bb4 4. e5 c5 5. Bb5+ Bd7 6. Bxd7+ Nxd7 7. Nf3 Bxc3+ 8.
bxc3 c4 9. O-O h6 10. Ne1 Ne7 11. f4 O-O 12. g4 f5 13. g5 Kh7 14. Nf3 h5 15.
g6+ Kxg6 16. Ng5 Qb6 17. Ba3 Rae8 18. Bd6 Kh6 19. Nxe6 Rf7 20. Ng5 Rff8 21. Rb1
Qc6 22. Qf3 g6 23. Qg3 Nc8 24. Bxf8+ Nxf8 25. Rf2 Ne6 26. Rg2 Kg7 27. Nf3 Ne7
28. Nh4 Nf8 29. Re1 Qe6 30. Kh1 Rc8 31. Rf1 Rc6 32. Qg5 Kh7 33. Qg3 Ra6 34. Nf3
Kg7 35. Ng5 Qc8 36. Qe3 Ne6 37. Qf3 Nxg5 38. Rxg5 Kf7 39. Qg2 Qe6 40. Ra1 Rc6
41. Rb1 b6 42. a4 a5 43. Rb5 Ke8 44. Qf3 Kf7 45. Rg1 Ke8 46. Rgb1 Kd8 47. Qg2
Ke8 48. Qg5 Ng8 49. R1b2 Kd7 50. h4 Ke8 51. Qg1 Ne7 52. Qb1 Nc8 53. Kh2 Kd7 54.
Kh3 Kd8 55. Qh1 Ne7 56. Qg2 Ke8 57. Qg5 Ng8 58. Kg3 Kd7 59. Kf3 Ke8 60. Ke3 Kd7
61. Rb1 Ke8 62. Qg2 Kf7 63. Qxd5 Qxd5 64. Rxd5 Ne7 65. Rd6 Rc7 1-0

[Event "21.Wörishofen-Seniorenen op"]
[Site "Bad Wörishofen (03.03.-11.03)"]
[Date "2005.03.06"]
[Round "4.47"]
[White "Manfeldt, Alfred"]
[Black "Wawrinsky, Ludwig"]
[Result "0-1"]
[WhiteElo "1554"]
[BlackElo "1703"]
[PlyCount "94"]
[EventDate "2005.03.??"]
[Source "Chessorg"]
[SourceDate "2005.12.10"]

1. d4 Nf6 2. Nf3 e6 3. e3 b6 4. Bd3 Bb7 5. Nbd2 d5 6. O-O c5 7. c3 Nc6 8. Ne5
Nd7 9. f4 a5 10. Qe2 Be7 11. Qh5 Ndxe5 12. fxe5 g6 13. Qe2 O-O 14. Rf3 f5 15.
exf6 Bxf6 16. Rg3 e5 17. Qh5 e4 18. Nxe4 dxe4 19. Bxe4 Bg7 20. Bd5+ Kh8 21.
Rxg6 Rf6 22. Rxf6 Qxf6 23. Be4 h6 24. Bd2 Rf8 25. Bf3 Ba6 26. Be1 cxd4 27. exd4
Nxd4 28. cxd4 Qxd4+ 29. Bf2 Qxb2 30. Rd1 Bb7 31. Be3 Bxf3 32. gxf3 Qe2 33. Rf1
Qxe3+ 34. Kg2 Qg5+ 35. Qxg5 hxg5 36. Rb1 Bd4 37. Rb5 Bc5 38. Rb2 Kg7 39. Rd2
Kf6 40. h3 Re8 41. Kg3 Re5 42. h4 gxh4+ 43. Kxh4 Kf5 44. Kh3 Kf4 45. Kg2 Rg5+
46. Kf1 Kxf3 47. Rd3+ Be3 0-1

[Event "21.Wörishofen-Seniorenen op"]
[Site "Bad Wörishofen (03.03.-11.03)"]
[Date "2005.03.06"]
[Round "4.48"]
[White "Westermayer, Hans[Johann]"]
[Black "Erdmann, Wolfgang"]
[Result "1/2-1/2"]
[WhiteElo "1509"]
[BlackElo "1533"]
[PlyCount "20"]
[EventDate "2005.03.??"]
[Source "Chessorg"]
[SourceDate "2005.12.10"]

1. Nf3 d5 2. c4 c6 3. b3 Nf6 4. g3 g6 5. Bb2 Bg7 6. d4 O-O 7. Bg2 e6 8. O-O
Nbd7 9. Nc3 b6 10. Nd2 Bb7 1/2-1/2

[Event "21.Wörishofen-Seniorenen op"]
[Site "Bad Wörishofen (03.03.-11.03)"]
[Date "2005.03.06"]
[Round "4.49"]
[White "Thonig, Manfred"]
[Black "Winkler, Hans"]
[Result "0-1"]
[WhiteElo "1578"]
[BlackElo "1709"]
[PlyCount "100"]
[EventDate "2005.03.??"]
[Source "Chessorg"]
[SourceDate "2005.12.10"]

1. f4 Nf6 2. Nf3 d5 3. e3 g6 4. b3 Bg7 5. Bb2 O-O 6. Be2 b6 7. O-O c5 8. Ne5
Bb7 9. d4 cxd4 10. exd4 Nfd7 11. Nd2 f6 12. Ng4 Qc7 13. c3 Re8 14. Qe1 e5 15.
fxe5 fxe5 16. Qg3 Nc6 17. Nf3 Qb8 18. dxe5 Ndxe5 19. Qh3 Nxg4 20. Ng5 Nh6 21.
Bg4 Bc8 22. Bxc8 Qxc8 23. Qd3 Qd8 24. h4 Nf5 25. Rxf5 Ne5 26. Qc2 gxf5 27. Qxf5
Ng6 28. Rf1 Nf8 29. Ba3 Qd7 30. Qd3 Ng6 31. h5 Nf8 32. h6 Bxh6 33. Rf7 Qxf7 34.
Nxf7 Kxf7 35. Qxd5+ Ne6 36. c4 Bf8 37. Qf5+ Kg8 38. Qg4+ Bg7 39. Bb2 Kh8 40.
Bc1 Rad8 41. Qh5 Bd4+ 42. Kh2 Ng7 43. Qg5 Rd7 44. Qg4 Be5+ 45. Kh1 Red8 46. Be3
Rd1+ 47. Bg1 Ra1 48. Qg5 Re8 49. Qd2 Bg3 50. Qd4 Rxg1+ 0-1

[Event "21.Wörishofen-Seniorenen op"]
[Site "Bad Wörishofen (03.03.-11.03)"]
[Date "2005.03.06"]
[Round "4.50"]
[White "Schoen, Siegfried"]
[Black "Gehrmann, Dorit"]
[Result "1/2-1/2"]
[WhiteElo "1545"]
[BlackElo "1890"]
[PlyCount "49"]
[EventDate "2005.03.??"]
[Source "Chessorg"]
[SourceDate "2005.12.10"]

1. e4 c5 2. c3 d5 3. exd5 Qxd5 4. d4 e5 5. dxe5 Qxe5+ 6. Qe2 Nc6 7. Nf3 Qxe2+
8. Bxe2 Bd6 9. Nbd2 Nge7 10. Ne4 Bc7 11. Nxc5 b6 12. Nb3 Bb7 13. Bd2 O-O 14.
O-O Rad8 15. Rad1 Ng6 16. Nfd4 Nf4 17. Bxf4 Bxf4 18. Nxc6 Bxc6 19. Nd4 Bd5 20.
g3 Be5 21. a3 Bf6 22. Rd2 Bb7 23. Rfd1 g6 24. Bf1 a6 25. Bg2 1/2-1/2

[Event "21.Wörishofen-Seniorenen op"]
[Site "Bad Wörishofen (03.03.-11.03)"]
[Date "2005.03.06"]
[Round "4.52"]
[White "Dietze, Otto"]
[Black "Schuster, Herbert"]
[Result "1-0"]
[WhiteElo "1536"]
[BlackElo "1641"]
[PlyCount "73"]
[EventDate "2005.03.??"]
[Source "Chessorg"]
[SourceDate "2005.12.10"]

1. e4 c5 2. Nf3 Nc6 3. d4 cxd4 4. Nxd4 Nf6 5. Nc3 a6 6. Bc4 e6 7. O-O Ne5 8.
Bb3 Bc5 9. Kh1 b5 10. f3 Qb6 11. Nde2 a5 12. a4 b4 13. Nb5 Ba6 14. c4 O-O 15.
Bf4 d6 16. Qc2 Rad8 17. Rad1 h6 18. Qc1 Ng6 19. Bd2 e5 20. Bc2 Nh5 21. b3 Bc8
22. Bb1 Ne7 23. Bxh6 gxh6 24. Qxh6 Ng7 25. f4 Ng6 26. f5 Be3 27. Qh3 Nf4 28.
Nxf4 Bxf4 29. Rd3 f6 30. Rfd1 Ne8 31. Qg4+ Kf7 32. Rh3 Bg5 33. Rh7+ Kg8 34. Qh5
Bh6 35. Qxh6 Qb7 36. Rh8+ Kf7 37. Qxf8# 1-0

[Event "21.Wörishofen-Seniorenen op"]
[Site "Bad Wörishofen (03.03.-11.03)"]
[Date "2005.03.06"]
[Round "4.53"]
[White "Schulte, Hans,Dr."]
[Black "Narr, Irmgard"]
[Result "1-0"]
[WhiteElo "1756"]
[BlackElo "1449"]
[PlyCount "81"]
[EventDate "2005.03.??"]
[Source "Chessorg"]
[SourceDate "2005.12.10"]

1. Nf3 e6 2. e3 Nf6 3. b3 b6 4. Bb2 Be7 5. Be2 Ba6 6. O-O Bxe2 7. Qxe2 Nc6 8.
d3 O-O 9. Nbd2 Nb4 10. Rfc1 c5 11. c4 Nc6 12. d4 cxd4 13. exd4 Re8 14. a3 Qc7
15. b4 Rac8 16. Qd3 h6 17. Rc2 Qb7 18. Re1 Nh5 19. b5 Nb8 20. Qe3 d5 21. Rec1
Nf6 22. a4 Nbd7 23. Ba3 Nf8 24. Bxe7 Qxe7 25. c5 bxc5 26. Rxc5 Rxc5 27. Rxc5
Qb7 28. Qc3 Ne4 29. Nxe4 dxe4 30. Nd2 f5 31. Rc7 Qb8 32. d5 e5 33. Qc5 Qb6 34.
Qxb6 axb6 35. Nc4 Rb8 36. Kf1 Ng6 37. d6 Kf8 38. Rc6 Rb7 39. Nxb6 Nh8 40. Rc8+
Kf7 41. Rc7+ 1-0

[Event "21.Wörishofen-Seniorenen op"]
[Site "Bad Wörishofen (03.03.-11.03)"]
[Date "2005.03.06"]
[Round "4.54"]
[White "Alefs, Heinz"]
[Black "Wohlfart, Karl-Heinz"]
[Result "0-1"]
[WhiteElo "1640"]
[BlackElo "1774"]
[PlyCount "136"]
[EventDate "2005.03.??"]
[Source "Chessorg"]
[SourceDate "2005.12.10"]

1. d4 Nf6 2. c4 g6 3. Nc3 Bg7 4. e4 d6 5. Nf3 O-O 6. Be2 Nbd7 7. Bg5 h6 8. Bh4
e5 9. d5 g5 10. Bg3 Nc5 11. Nd2 a5 12. O-O Bd7 13. Rb1 a4 14. Qc2 Ne8 15. b4
axb3 16. axb3 f5 17. f3 f4 18. Bf2 b6 19. Ra1 h5 20. b4 Nb7 21. c5 dxc5 22.
bxc5 bxc5 23. Na4 g4 24. Nxc5 Nxc5 25. Bxc5 Rxa1 26. Rxa1 Rf6 27. Qc4 Kh7 28.
Qb4 Nd6 29. Ra6 Bf8 30. Nc4 Nxc4 31. Rxf6 Bxc5+ 32. Qxc5 Qxf6 33. Bxc4 Qb6 34.
Qxb6 cxb6 35. Kf2 Kg7 36. Ke2 Kf6 37. Kd2 Kg5 38. Be2 Kh4 39. Ke1 b5 40. Kf2
g3+ 41. hxg3+ fxg3+ 42. Ke3 Kg5 43. Bd3 h4 44. Bf1 b4 45. Kd2 Kf4 46. d6 h3 47.
gxh3 Kxf3 48. h4 Kf2 49. Bg2 Kxg2 50. h5 Kf1 51. h6 g2 52. h7 g1=Q 53. h8=Q
Qd4+ 54. Kc1 Qc3+ 55. Kb1 Qe1+ 56. Kb2 Qd2+ 57. Kb1 Qd3+ 58. Kb2 Qc3+ 59. Kb1
Bb5 60. Qh1+ Ke2 61. Qg2+ Kd1 62. Qg4+ Kd2 63. Qg2+ Ke3 64. Qg1+ Kxe4 65. Qh1+
Kd4 66. Qg1+ Kd5 67. Qb6 Bd3+ 68. Ka2 Qa3# 0-1

[Event "21.Wörishofen-Seniorenen op"]
[Site "Bad Wörishofen (03.03.-11.03)"]
[Date "2005.03.06"]
[Round "4.55"]
[White "Paulsen, Eckart"]
[Black "Kuhnert, Werner"]
[Result "1-0"]
[WhiteElo "1636"]
[BlackElo "1316"]
[PlyCount "92"]
[EventDate "2005.03.??"]
[Source "Chessorg"]
[SourceDate "2005.12.10"]

1. e4 e6 2. d3 d5 3. Nd2 Nf6 4. Ngf3 c5 5. g3 Nc6 6. Bg2 Be7 7. O-O O-O 8. Re1
Re8 9. e5 Nd7 10. Nf1 Nf8 11. h4 h6 12. N1h2 f5 13. Bf4 Ng6 14. Be3 Rf8 15. Bd2
Bd7 16. c3 Rb8 17. Qc1 Be8 18. Bxh6 gxh6 19. Qxh6 Nh8 20. Qxe6+ Kg7 21. Ng5 Bf7
22. Nxf7 Rxf7 23. Qxd5 Qxd5 24. Bxd5 Rff8 25. Rad1 Rfd8 26. Bg2 Ng6 27. f4 Bf8
28. Bh3 Nge7 29. Nf3 Kg6 30. Ng5 Rdc8 31. Ne6 Na5 32. d4 Nd5 33. Nxf8+ Rxf8 34.
dxc5 Rbd8 35. Bg2 Nc7 36. Rd6+ Kg7 37. Red1 Rde8 38. Rd7+ Rf7 39. h5 Ne6 40.
Rxf7+ Kxf7 41. Rd6 Nc4 42. Rd7+ Re7 43. Rxe7+ Kxe7 44. h6 Kf8 45. Bd5 Nxc5 46.
Bxc4 Nd7 1-0

[Event "21.Wörishofen-Seniorenen op"]
[Site "Bad Wörishofen (03.03.-11.03)"]
[Date "2005.03.06"]
[Round "4.56"]
[White "Mahrla, Hans,Dr."]
[Black "Storkebaum, Karl-Heinrich,Dr."]
[Result "0-1"]
[WhiteElo "1626"]
[BlackElo "1877"]
[PlyCount "78"]
[EventDate "2005.03.??"]
[Source "Chessorg"]
[SourceDate "2005.12.10"]

1. e4 c5 2. Nf3 d6 3. d4 cxd4 4. Nxd4 Nf6 5. Nc3 a6 6. Be3 e5 7. Nb3 Be6 8. Be2
Nbd7 9. O-O Qc7 10. Rc1 Be7 11. Qd2 O-O 12. Rfd1 Nb6 13. f3 d5 14. exd5 Nbxd5
15. Nxd5 Nxd5 16. Bf2 Rfd8 17. Qe1 Bg5 18. c4 Ne3 19. Rxd8+ Rxd8 20. Rc3 Nf5
21. Bf1 a5 22. h4 Be7 23. a3 a4 24. Nd2 Bxh4 25. Bxh4 Nxh4 26. Qxh4 Rxd2 27.
Rd3 Rxd3 28. Bxd3 g6 29. Qe4 Bf5 30. Qe2 Bxd3 31. Qxd3 Qb6+ 32. Kh2 Qxb2 33.
Qd6 Kg7 34. Qe7 b6 35. c5 bxc5 36. Qxc5 Qd4 37. Qe7 h5 38. Kh3 Qf4 39. Qb7 h4
0-1

[Event "21.Wörishofen-Seniorenen op"]
[Site "Bad Wörishofen (03.03.-11.03)"]
[Date "2005.03.06"]
[Round "4.57"]
[White "Froeling, Philippa"]
[Black "Frey, Walter"]
[Result "0-1"]
[WhiteElo "1269"]
[BlackElo "1707"]
[PlyCount "66"]
[EventDate "2005.03.??"]
[Source "Chessorg"]
[SourceDate "2005.12.10"]

1. Nf3 c5 2. e4 a6 3. g3 Nc6 4. c3 g6 5. d4 cxd4 6. Nxd4 Bg7 7. Nxc6 bxc6 8.
Bg2 Qc7 9. O-O d6 10. Re1 Nf6 11. e5 dxe5 12. Rxe5 Nd7 13. Re1 Bb7 14. Nd2 e6
15. Nc4 O-O 16. Nd6 Rad8 17. Nxb7 Qxb7 18. Qb3 Qc8 19. Be3 Nb8 20. Qb6 Rd7 21.
Qc5 Rfd8 22. Bf3 Qb7 23. b4 Qb5 24. Qxb5 cxb5 25. Rac1 Rc8 26. Bc5 Rd3 27. Re3
Rxe3 28. Bxe3 Rxc3 29. Rxc3 Bxc3 30. Bc5 Nd7 31. Bd6 Nb6 32. Bb7 Nc4 33. Bxa6
Nxd6 0-1

[Event "21.Wörishofen-Seniorenen op"]
[Site "Bad Wörishofen (03.03.-11.03)"]
[Date "2005.03.06"]
[Round "4.58"]
[White "Klempt, Guenter"]
[Black "Huhn, Ulrich"]
[Result "1/2-1/2"]
[WhiteElo "1943"]
[BlackElo "1708"]
[PlyCount "68"]
[EventDate "2005.03.??"]
[Source "Chessorg"]
[SourceDate "2005.12.10"]

1. d4 d5 2. c4 c6 3. Nf3 Nf6 4. Nc3 dxc4 5. e3 Bg4 6. Bxc4 e6 7. O-O Be7 8. Be2
Nbd7 9. a3 a5 10. Bd2 O-O 11. Qb3 Qb6 12. Qc2 Rfd8 13. Na4 Qc7 14. b4 axb4 15.
Bxb4 Bxb4 16. axb4 Bf5 17. Qb2 b5 18. Nc3 Qb7 19. Nh4 Bg6 20. Nxg6 hxg6 21. Bf3
Nd5 22. g3 Rxa1 23. Rxa1 Ra8 24. Nxd5 Rxa1+ 25. Qxa1 exd5 26. e4 dxe4 27. Bxe4
Nf6 28. Bf3 Nd5 29. Bxd5 cxd5 30. Qc3 Qd7 31. Qc5 g5 32. Kg2 g4 33. f3 gxf3+
34. Kxf3 f5 1/2-1/2

[Event "21.Wörishofen-Seniorenen op"]
[Site "Bad Wörishofen (03.03.-11.03)"]
[Date "2005.03.06"]
[Round "4.59"]
[White "Winkler, Karl-Heinz[32A'see]"]
[Black "Hoenig, Josef"]
[Result "1-0"]
[WhiteElo "1634"]
[BlackElo "1579"]
[PlyCount "37"]
[EventDate "2005.03.??"]
[Source "Chessorg"]
[SourceDate "2005.12.10"]

1. e4 e5 2. Nf3 d6 3. Nc3 Nf6 4. Bc4 h6 5. d4 exd4 6. Nxd4 a6 7. O-O Be7 8. Re1
Nbd7 9. Nf5 Bf8 10. Nd5 Ne5 11. Bb3 Bxf5 12. exf5 Kd7 13. Rxe5 Nxd5 14. Qxd5
Kc8 15. Re1 Be7 16. Qxf7 Bf6 17. c3 Kb8 18. Bf4 Rf8 19. Qc4 1-0

[Event "21.Wörishofen-Seniorenen op"]
[Site "Bad Wörishofen (03.03.-11.03)"]
[Date "2005.03.06"]
[Round "4.60"]
[White "Block, Herbert"]
[Black "Schuller, Erhard"]
[Result "0-1"]
[WhiteElo "1402"]
[BlackElo "1639"]
[PlyCount "104"]
[EventDate "2005.03.??"]
[Source "Chessorg"]
[SourceDate "2005.12.10"]

1. c4 c5 2. Nc3 Nc6 3. d3 e6 4. Nf3 Nf6 5. e4 d6 6. Be2 Be7 7. O-O O-O 8. h3 b6
9. Nh2 Nd4 10. Be3 Nxe2+ 11. Qxe2 Bb7 12. f4 Qc7 13. Ng4 Nxg4 14. hxg4 f5 15.
g5 g6 16. g4 Qd7 17. Rf2 Rf7 18. a3 d5 19. exd5 exd5 20. cxd5 Bxd5 21. Rd1 Bb3
22. Rd2 fxg4 23. Rg2 Be6 24. d4 cxd4 25. Rxd4 Qc6 26. Qd3 Bf5 27. Qc4 Qxc4 28.
Rxc4 Bf8 29. Nd5 Bg7 30. Rd2 Kf8 31. Kf2 Rd7 32. Rc7 Rad8 33. Rxd7 Rxd7 34. Nf6
Rxd2+ 35. Bxd2 Bxf6 36. gxf6 Kf7 37. Bc3 h5 38. Kg3 b5 39. Kh4 a6 40. Kg3 Bd3
41. Be5 Bc4 42. Kh4 Ke6 43. Kg3 Kf5 44. Kh4 Bf7 45. Kg3 g5 46. Bc7 h4+ 47. Kg2
gxf4 48. Bd8 Ke4 49. Bc7 f3+ 50. Kf2 g3+ 51. Kf1 f2 52. Bb6 Bc4+ 0-1

[Event "21.Wörishofen-Seniorenen op"]
[Site "Bad Wörishofen (03.03.-11.03)"]
[Date "2005.03.06"]
[Round "4.61"]
[White "Malik, Heinz[36G'weil]"]
[Black "Bartlitz, Heinz"]
[Result "0-1"]
[WhiteElo "1528"]
[BlackElo "1567"]
[PlyCount "118"]
[EventDate "2005.03.??"]
[Source "Chessorg"]
[SourceDate "2005.12.10"]

1. d4 f5 2. c4 Nf6 3. Nc3 d6 4. f4 g6 5. Nf3 Bg7 6. g3 O-O 7. Bg2 Qe8 8. O-O c6
9. Re1 Qf7 10. d5 Bd7 11. e4 fxe4 12. Ng5 Qe8 13. Ngxe4 Nxe4 14. Nxe4 c5 15.
Nxd6 Qd8 16. Ne4 Qc7 17. Ng5 Bf5 18. Ne6 Bxe6 19. Rxe6 Rf6 20. Qe2 Rxe6 21.
Qxe6+ Kf8 22. Bh3 Na6 23. f5 Qd6 24. fxg6 Qxe6 25. Bxe6 hxg6 26. a3 Nc7 27. Bg4
b5 28. cxb5 Nxb5 29. Be3 Bd4 30. Bxd4 cxd4 31. Rd1 Rd8 32. a4 Nc7 33. Rxd4 Rd6
34. Rd1 Nxd5 35. Bf3 e6 36. Bxd5 exd5 37. Kf2 Ke7 38. Ke3 Re6+ 39. Kd3 Kd6 40.
b4 a6 41. Rf1 Ke7 42. Rf3 Kd6 43. Re3 Rf6 44. h4 Rf1 45. Kc2 d4 46. Rd3 Kd5 47.
b5 axb5 48. axb5 Rf8 49. b6 Kc4 50. Rd1 Rf2+ 51. Kb1 Rf6 52. Rc1+ Kd3 53. Rd1+
Ke3 54. Re1+ Kd2 55. Rh1 Rxb6+ 56. Ka2 d3 57. g4 Kc2 58. Rh2+ d2 59. Ka3 Kc1
0-1

[Event "21.Wörishofen-Seniorenen op"]
[Site "Bad Wörishofen (03.03.-11.03)"]
[Date "2005.03.06"]
[Round "4.62"]
[White "Erler, Klaus-Juergen"]
[Black "Wolfram, Gisbert,Dr."]
[Result "1-0"]
[WhiteElo "1569"]
[BlackElo "1548"]
[PlyCount "87"]
[EventDate "2005.03.??"]
[Source "Chessorg"]
[SourceDate "2005.12.10"]

1. c4 c5 2. Nc3 Nf6 3. Nf3 Nc6 4. d4 d5 5. cxd5 Nxd5 6. e3 Bg4 7. Be2 e6 8. Qb3
Rb8 9. Nxd5 Qxd5 10. Qxd5 exd5 11. dxc5 Bxc5 12. a3 O-O 13. b4 Bb6 14. Bb2 Rfe8
15. Kd2 Rbd8 16. h3 Bh5 17. Bd3 Bg6 18. Bxg6 hxg6 19. Rhe1 f5 20. Kd3 Kf8 21.
Rac1 Rd7 22. Bd4 Bxd4 23. exd4 Re4 24. b5 Rxe1 25. Rxe1 Nd8 26. Ng5 Re7 27. Re5
Rd7 28. h4 Rd6 29. a4 Nf7 30. Nh7+ Kg8 31. Re7 Nd8 32. Ng5 Kf8 33. Rc7 a6 34.
bxa6 Rxa6 35. Rd7 Ke8 36. Rxg7 Ne6 37. Nxe6 Rxe6 38. Rxb7 Ra6 39. Rb4 Ke7 40.
Ke3 Kf6 41. Kf4 Rc6 42. a5 Rc4 43. Rxc4 dxc4 44. Ke3 1-0

[Event "21.Wörishofen-Seniorenen op"]
[Site "Bad Wörishofen (03.03.-11.03)"]
[Date "2005.03.06"]
[Round "4.63"]
[White "Gestrich, Wolfgang,Prof.Dr."]
[Black "Schielke, Klaus"]
[Result "1/2-1/2"]
[WhiteElo "1442"]
[BlackElo "1438"]
[PlyCount "53"]
[EventDate "2005.03.??"]
[Source "Chessorg"]
[SourceDate "2005.12.10"]

1. c4 e5 2. Nc3 Nf6 3. g3 d6 4. Bg2 c6 5. e4 Be6 6. d3 Nbd7 7. Nge2 Be7 8. O-O
O-O 9. a3 a5 10. h3 Qc8 11. f4 exf4 12. Nxf4 Ne5 13. Nxe6 Qxe6 14. Kh2 Rfd8 15.
Qe2 h6 16. Rf2 Nh7 17. Bf4 Bf6 18. Raf1 Ng6 19. Bd2 Rf8 20. h4 Be5 21. Bh3 Qe7
22. Kg2 Nf6 23. h5 Nh8 24. Bf5 Qc7 25. Bf4 Rad8 26. Bxe5 dxe5 27. Bh3 1/2-1/2

[Event "21.Wörishofen-Seniorenen op"]
[Site "Bad Wörishofen (03.03.-11.03)"]
[Date "2005.03.06"]
[Round "4.64"]
[White "Fanenbruck, Guenter"]
[Black "Wolf, Margot"]
[Result "0-1"]
[WhiteElo "1569"]
[BlackElo "1321"]
[PlyCount "92"]
[EventDate "2005.03.??"]
[Source "Chessorg"]
[SourceDate "2005.12.10"]

1. e4 c6 2. c4 e6 3. d4 d5 4. e5 dxc4 5. Bxc4 Ne7 6. Nc3 Nd5 7. Nge2 Be7 8. O-O
O-O 9. a3 b6 10. Nxd5 cxd5 11. Bd3 Ba6 12. Be3 Bxd3 13. Qxd3 Nd7 14. Rac1 Rc8
15. f4 Rxc1 16. Rxc1 Qb8 17. Qb5 Qb7 18. Qc6 Qxc6 19. Rxc6 Rd8 20. Rc7 a5 21.
Nc3 Bf8 22. Rb7 Be7 23. Na4 Bf8 24. Bd2 g6 25. Bc3 Bh6 26. g3 g5 27. f5 exf5
28. Nxb6 Nxb6 29. Rxb6 Kg7 30. Rd6 Rxd6 31. exd6 Kf8 32. Bxa5 Ke8 33. Bb4 g4
34. Bc5 Kd7 35. a4 f4 36. gxf4 Bxf4 37. b4 h5 38. b5 Be3+ 39. Kg2 h4 40. a5 f5
41. a6 f4 42. a7 f3+ 43. Kf1 g3 44. hxg3 hxg3 45. a8=Q g2+ 46. Ke1 g1=Q# 0-1

[Event "21.Wörishofen-Seniorenen op"]
[Site "Bad Wörishofen (03.03.-11.03)"]
[Date "2005.03.06"]
[Round "4.65"]
[White "Buss, Richard"]
[Black "Kluge, Hans-Christof"]
[Result "0-1"]
[WhiteElo "1373"]
[BlackElo "1566"]
[PlyCount "44"]
[EventDate "2005.03.??"]
[Source "Chessorg"]
[SourceDate "2005.12.10"]

1. d4 Nf6 2. Nc3 g6 3. e4 d6 4. Nf3 Bg7 5. Be2 O-O 6. O-O Nbd7 7. Re1 c5 8. d5
a6 9. a4 Re8 10. Bd3 Nf8 11. Bg5 h6 12. Bd2 g5 13. h3 Ng6 14. Ne2 g4 15. hxg4
Nxg4 16. c3 e6 17. Ng3 Qb6 18. Qc2 c4 19. Be3 Nxe3 20. Rxe3 cxd3 21. Rxd3 Nf4
22. Rdd1 e5 0-1

[Event "21.Wörishofen-Seniorenen op"]
[Site "Bad Wörishofen (03.03.-11.03)"]
[Date "2005.03.06"]
[Round "4.66"]
[White "Antusch, Ingrid"]
[Black "Garbe, Heinz"]
[Result "1-0"]
[WhiteElo "1422"]
[BlackElo "1464"]
[PlyCount "79"]
[EventDate "2005.03.??"]
[Source "Chessorg"]
[SourceDate "2005.12.10"]

1. d4 Nf6 2. e3 g6 3. Bd3 Bg7 4. f4 d6 5. Nf3 b6 6. c4 Bb7 7. O-O O-O 8. Nc3
Nbd7 9. Qe1 c5 10. d5 Re8 11. f5 Nf8 12. e4 N6d7 13. Bc2 a6 14. Qh4 Bc8 15. Bh6
Ne5 16. Ng5 Bxh6 17. Qxh6 Ng4 18. Qh4 Ne3 19. Rf2 Nxc2 20. Rxc2 f6 21. Ne6 Nxe6
22. dxe6 Kg7 23. Qg4 g5 24. Qh5 Rf8 25. Nd5 Bb7 26. Rc3 Bxd5 27. exd5 Qe8 28.
Qe2 Rh8 29. h4 h6 30. Rb3 Rb8 31. Rc1 Qg8 32. Rcc3 Qh7 33. Qh5 Rhf8 34. g4 gxh4
35. Rh3 Kh8 36. Rxh4 Rg8 37. Rbh3 Rg7 38. Qxh6 Qxh6 39. Rxh6+ Kg8 40. Rh8# 1-0

[Event "21.Wörishofen-Seniorenen op"]
[Site "Bad Wörishofen (03.03.-11.03)"]
[Date "2005.03.06"]
[Round "4.67"]
[White "Ludwig, Egbert"]
[Black "Richter, Helmut[41W'kraib]"]
[Result "1/2-1/2"]
[WhiteElo "1098"]
[BlackElo "1538"]
[PlyCount "60"]
[EventDate "2005.03.??"]
[Source "Chessorg"]
[SourceDate "2005.12.10"]

1. d4 d5 2. Nf3 g6 3. c4 c6 4. g3 Bg7 5. Bg2 Nf6 6. O-O O-O 7. cxd5 cxd5 8. Nc3
a6 9. Bf4 Nc6 10. Ne5 e6 11. Nxc6 bxc6 12. Na4 Nd7 13. Rc1 Bb7 14. Qd2 Rc8 15.
Nc5 Nxc5 16. Rxc5 Qd7 17. Bh6 Rfe8 18. Bxg7 Kxg7 19. b4 Kg8 20. a4 Qe7 21. f4
f5 22. Qe3 Kf7 23. h4 h5 24. Rb1 Qd7 25. Bf1 Qd6 26. Qf2 Qd7 27. e3 Ra8 28. a5
Rac8 29. Bd3 Rc7 30. Qf1 Ra8 1/2-1/2

[Event "21.Wörishofen-Seniorenen op"]
[Site "Bad Wörishofen (03.03.-11.03)"]
[Date "2005.03.06"]
[Round "4.68"]
[White "Kahler, Kurt"]
[Black "Malik, Rosemarie"]
[Result "1-0"]
[WhiteElo "1673"]
[BlackElo "1335"]
[PlyCount "48"]
[EventDate "2005.03.??"]
[Source "Chessorg"]
[SourceDate "2005.12.10"]

1. e4 e5 2. f4 exf4 3. Nf3 d6 4. Bc4 Be7 5. O-O Be6 6. Bxe6 fxe6 7. Nd4 e5 8.
Ne6 Qd7 9. Nxg7+ Kd8 10. Nf5 Nf6 11. Qe2 Nc6 12. c3 a6 13. d4 Bf8 14. dxe5 Nxe5
15. Bxf4 Qb5 16. Qxb5 axb5 17. Bg5 Ned7 18. Nd4 Kc8 19. Bxf6 Nxf6 20. Rxf6 Bg7
21. Rf7 Bxd4+ 22. cxd4 Ra4 23. Nc3 c6 24. Nxa4 bxa4 1-0

[Event "21.Wörishofen-Seniorenen op"]
[Site "Bad Wörishofen (03.03.-11.03)"]
[Date "2005.03.06"]
[Round "4.69"]
[White "Zacharias, Helmut"]
[Black "Buchner, Matthias"]
[Result "1-0"]
[WhiteElo "1340"]
[BlackElo "1456"]
[PlyCount "47"]
[EventDate "2005.03.??"]
[Source "Chessorg"]
[SourceDate "2005.12.10"]

1. d4 d5 2. Nf3 e6 3. Nbd2 Nf6 4. g3 h6 5. Bg2 Bd6 6. O-O Nc6 7. Re1 O-O 8. e4
dxe4 9. Nxe4 Nxe4 10. Rxe4 b5 11. c3 Bb7 12. Re1 Ne7 13. Bf1 a6 14. Ne5 c5 15.
dxc5 Bxc5 16. Nd7 Bb6 17. Nxf8 Kxf8 18. Qxd8+ Rxd8 19. Be3 Bxe3 20. fxe3 Nc6
21. Be2 Ke7 22. Rad1 Rxd1 23. Rxd1 Na5 24. b4 1-0

[Event "21.Wörishofen-Seniorenen op"]
[Site "Bad Wörishofen (03.03.-11.03)"]
[Date "2005.03.06"]
[Round "4.70"]
[White "Salomon, Heide"]
[Black "Lamberger, Werner[39AUT]"]
[Result "1-0"]
[WhiteElo "1523"]
[BlackElo "1169"]
[PlyCount "91"]
[EventDate "2005.03.??"]
[Source "Chessorg"]
[SourceDate "2005.12.10"]

1. e4 e6 2. d4 d5 3. e5 c5 4. Bb5+ Bd7 5. Bxd7+ Qxd7 6. Be3 Na6 7. c3 Rc8 8.
Ne2 Ne7 9. O-O Nf5 10. Nd2 Be7 11. Nf4 Bg5 12. Qh5 Qe7 13. Nxd5 exd5 14. Bxg5
Qe6 15. Be3 c4 16. Qd1 b5 17. Nf3 h6 18. h3 Rc6 19. Nh2 Nc7 20. Qd2 Qg6 21.
Rfe1 Re6 22. Nf3 Kd7 23. Kh2 Ne8 24. Bf4 Qh7 25. g4 Ne7 26. Bg3 g5 27. Rh1 Rg6
28. e6+ fxe6 29. Ne5+ Kd8 30. Nxg6 Qxg6 31. Qe2 Kd7 32. Be5 Rh7 33. Kg2 Nf6 34.
Bxf6 Qxf6 35. Qe3 Ng6 36. Rh2 Nf4+ 37. Kh1 Rf7 38. b3 a5 39. bxc4 bxc4 40. Rb1
Kc6 41. Rb2 Qg6 42. Rb8 h5 43. f3 h4 44. Rhb2 Ra7 45. R2b6+ Kc7 46. Qe5+ 1-0